Visualizzazione normale
Vista MARC
- Mettmann, Walter,
di Personal Name
Records bibliografici associati: 2
001 - CONTROL NUMBER
- control field: 55951
003 - CONTROL NUMBER IDENTIFIER
- control field: IT-RoINE
005 - DATE AND TIME OF LATEST TRANSACTION
- control field: 20190114060857.0
008 - FIXED-LENGTH DATA ELEMENTS
- fixed length control field: 190114|| aca||aabn | a|a d
040 ## - CATALOGING SOURCE
- Original cataloging agency: IT-RoINE
- Transcribing agency: IT-RoINE
100 ## - HEADING--PERSONAL NAME
- Personal name: Mettmann, Walter,
- Dates associated with a name: 1926-
670 ## - SOURCE DATA FOUND
- Source citation: Work cat.: (IT-RoINE)0: Alfonso X, Rey de Castilla, 9397 1221-1284, Cantigas de Santa María /, 1988-2004.